Angličtina pre samoukov

Bibliographic Details
Main Authors: Kollmannová, Ludmila, narodená 1921 (Author), Bubeníková, Libuše, 1920-1994 (Author), Kopecká, Alena, 1936- (Author)
Other Authors: Šatura, František, 1921-1996 (Translator), Novák, Miloš, 1909-1988 (Illustrator)
Format: Book
Language:Slovak
English
Czech
PhysicalDescription:560 s., 88 nečíslovaných strán obrazových príloh ilustr. 20 cm
Published: Bratislava Slovenské pedagogické nakladateľstvo 1986
Edition:3. vyd.
Subjects:

MARC

LEADER 00000cam a2200000 a 4500
001 vtls001087874
003 SK-MaSNL
005 20260429103855.0
008 250414s1986 xo a frnp 00000 slo
015 |a SNBA1986/09 
020 |q (brož.) 
035 |a SNK000030714 
040 |a SNK  |b slo  |c SNK  |e AACR2 
041 1 |a slo  |a eng  |h cze 
044 |a xo  |c SK 
072 7 |a 811.111  |x Angličtina  |2 konspekt 
072 7 |a 37.016  |x Učebné osnovy. Vyučovacie predmety. Učebnice  |2 konspekt 
080 |a 802.0(075.4)  |2 1981 
080 |a 811.111  |2 2011 
080 |a (07.062)81  |2 2001 
100 1 |a Kollmannová, Ludmila,  |d narodená 1921  |4 aut  |9 258253 
245 1 0 |a Angličtina pre samoukov  |c Ludmila Kollmannová, Libuše Bubeníková, Alena Kopecká ; [do slovenčiny preložil František Šatura ; ilustroval Miloš Novák] 
250 |a 3. vyd. 
260 |a Bratislava  |b Slovenské pedagogické nakladateľstvo  |c 1986 
300 |a 560 s., 88 nečíslovaných strán obrazových príloh  |b ilustr.  |c 20 cm 
366 |e 50000 kusov 
500 |a Preložené z češtiny 
546 |a Súbežný text v angličtine 
650 0 7 |a angličtina  |2 SNKPH  |9 1260 
655 7 |a jazykové učebnice  |2 SNKPH  |9 115083 
700 1 |a Bubeníková, Libuše,  |d 1920-1994  |4 aut  |9 1637915 
700 1 |a Kopecká, Alena,  |d 1936-  |4 aut  |9 60689 
700 1 |a Šatura, František,  |d 1921-1996  |4 trl  |9 10540 
700 1 |a Novák, Miloš,  |d 1909-1988  |4 ill  |9 103919 
852 |a Slovenská národná knižnica 
954 |a odborná, vedecká literatúra cudzojazyčná (svetová)  |2 lita 
958 |a RK 
958 |a TL 
958 |a OND 
958 |a UC 
958 |a OP 
958 |a CZ 
999 |c 620372  |d 622302 
952 |t P60, <03>, [BOOK], {603}  |a SNK  |b SNK  |y PREZ  |7 0  |p 17A0221054  |o snkSC 65747  |0 0  |1 0  |4 0  |d 1998-05-15  |l 0  |r 2004-12-31 00:00:00  |w 2026-02-23